000 00893nam a22002417a 4500
999 _c8708
_d8708
003 AR-CdUCM
008 190325b ||||| |||| 00| 0 spa d
040 _aMUNICIPALIDAD PROVINCIAL DEL CUSCO
_cBIBLIOTECA MUNICIPAL DEL CUSCO
082 _22ed.
_a985 /
_bK26
100 _aKauffmann Doig, Federico
_96213
245 _aHistoria general de los peruanos :
_bdesde sus orígenes hasta el presente, una síntesis en tres tomos /
260 _aLima :
_bDistribuidora inca,
_c1962.
300 _a2 tomos ;
_bIlustraciones,
_c21 cm.
505 _aContenido: t.1. El Perú antiguo / Federico Kauffman -- t.3. -- El Perú republicano / J. M. Valega.
650 _aHistoria
_9136
650 _aÉpoca Prehispánica
_92714
650 _aRepública
_9831
650 _aPerú
_935
700 _aKauffmann Doig, Federico
_96213
700 _aValega, J. M.
_924316
942 _2ddc
_cLIBROS
945 _aacv